[Event "HUN-chT2 Breyer 1617"]
[Site "Hungary"]
[Date "2017.02.26"]
[Round "7.8"]
[White "Imre, Jozsef"]
[Black "Kende, Gyorgy"]
[Result "1/2-1/2"]
[WhiteElo "2063"]
[BlackElo "2134"]
[PlyCount "29"]
[EventDate "2016.10.30"]
[EventType "team-tourn"]
[EventRounds "9"]
[EventCountry "HUN"]
[SourceTitle "EXT 2021"]
[Source "ChessBase"]
[SourceDate "2020.10.23"]
[SourceVersion "1"]
[SourceVersionDate "2020.10.23"]
[SourceQuality "1"]
[WhiteTeam "Vizugy"]
[BlackTeam "Biatorbagy"]
[WhiteTeamCountry "HUN"]
[BlackTeamCountry "HUN"]

1. e4 c6 2. d4 d5 3. e5 c5 4. c3 Nc6 5. Nf3 Bg4 6. Be2 e6 7. 0-0 Nge7 8. dxc5 Ng6 9. Be3 Be7 10. Nbd2 0-0 11. Bd4 Qc7 12. Re1 Nf4 13. Bf1 f6 14. Qa4 Bf5 15. b4 1/2-1/2

[Event "HUN-chT2 Erkel 1415"]
[Site "Hungary"]
[Date "2015.01.25"]
[Round "5.8"]
[White "Terbe, Julianna"]
[Black "Imre, Jozsef"]
[Result "1/2-1/2"]
[WhiteElo "1954"]
[BlackElo "2095"]
[PlyCount "94"]
[EventDate "2014.09.28"]
[EventType "team-tourn"]
[EventRounds "9"]
[EventCountry "HUN"]
[SourceTitle "EXT 2016"]
[Source "ChessBase"]
[SourceDate "2015.10.08"]
[SourceVersion "1"]
[SourceVersionDate "2015.10.08"]
[SourceQuality "1"]
[WhiteTeam "Budapest MTK"]
[BlackTeam "Vizugy"]
[WhiteTeamCountry "HUN"]
[BlackTeamCountry "HUN"]

1. e4 c5 2. c3 d5 3. exd5 Qxd5 4. d4 cxd4 5. cxd4 Nf6 6. Nc3 Qd8 7. Nf3 e6 8. Bd3 Be7 9. 0-0 0-0 10. Ne5 Bd7 11. Be3 Nc6 12. a3 Rc8 13. Rc1 Bd6 14. Nc4 Bb8 15. f4 Ne7 16. Qf3 Bc6 17. Qh3 Ned5 18. Nxd5 Bxd5 19. Ne5 Rxc1 20. Rxc1 Be4 21. Bxe4 Nxe4 22. f5 f6 23. Nf3 exf5 24. Qxf5 Re8 25. Qg4 Qe7 26. Rc8 Nd6 27. Rxe8+ Qxe8 28. Bh6 Qe7 29. Bf4 Bc7 30. h3 f5 31. Qg5 Qxg5 32. Nxg5 Nb5 33. Bxc7 Nxc7 34. h4 h6 35. Nf3 Kf7 36. Kf2 Ke6 37. Ke3 Nd5+ 38. Kd2 f4 39. Kd3 Kf5 40. Kc4 Ne3+ 41. Kc5 b6+ 42. Kc6 Ke4 43. h5 Nd5 44. b4 Nf6 45. d5 Nxd5 46. Nd2+ Kd4 47. Nf3+ Kc4 1/2-1/2

[Event "HUN-chT2 Erkel 1314"]
[Site "Hungary"]
[Date "2013.10.20"]
[Round "3.8"]
[White "Szarvas, Sandor"]
[Black "Imre, Jozsef"]
[Result "1/2-1/2"]
[WhiteElo "1966"]
[BlackElo "2097"]
[PlyCount "63"]
[EventDate "2013.09.08"]
[EventType "team-tourn"]
[EventRounds "11"]
[EventCountry "HUN"]
[SourceTitle "EXT 2016"]
[Source "ChessBase"]
[SourceDate "2015.10.08"]
[SourceVersion "1"]
[SourceVersionDate "2015.10.08"]
[SourceQuality "1"]
[WhiteTeam "Andornaktalya"]
[BlackTeam "Vizugy"]
[WhiteTeamCountry "HUN"]
[BlackTeamCountry "HUN"]

1. c4 Nf6 2. Nc3 e5 3. g3 g6 4. Bg2 Bg7 5. e3 0-0 6. Nge2 d6 7. d4 c6 8. 0-0 Be6 9. d5 cxd5 10. cxd5 Bc8 11. e4 Nbd7 12. h3 b6 13. Be3 Ba6 14. Qd2 Rc8 15. Rfc1 Nc5 16. Kh2 Ne8 17. b4 Nd7 18. a4 Bxe2 19. Nxe2 f5 20. Rxc8 Qxc8 21. Rc1 Qd8 22. Qd3 fxe4 23. Bxe4 Ndf6 24. Bg2 Qd7 25. Rc6 Qf7 26. Nc3 h5 27. Ne4 Nxd5 28. Nxd6 Nxb4 29. Nxf7 Nxd3 30. Ng5 Nb4 31. Rxg6 Rf6 32. Be4 1/2-1/2

[Event "HUN-chT2 Erkel 1112"]
[Site "Hungary"]
[Date "2012.02.19"]
[Round "6.7"]
[White "Farkas, Lajos"]
[Black "Imre, Jozsef"]
[Result "1-0"]
[WhiteElo "2164"]
[BlackElo "2105"]
[PlyCount "91"]
[EventDate "2011.09.25"]
[EventType "team-tourn"]
[EventRounds "11"]
[EventCountry "HUN"]
[SourceTitle "EXT 2013"]
[Source "ChessBase"]
[SourceDate "2012.11.22"]
[SourceVersion "1"]
[SourceVersionDate "2012.11.22"]
[SourceQuality "1"]
[WhiteTeam "Sarkany"]
[BlackTeam "Vizugy"]
[WhiteTeamCountry "HUN"]
[BlackTeamCountry "HUN"]

1. d4 Nf6 2. c4 e6 3. Nf3 c5 4. d5 exd5 5. cxd5 d6 6. Nc3 Be7 7. g3 0-0 8. Bg2 Bg4 9. 0-0 Qd7 10. Qd3 Na6 11. a3 Nc7 12. b4 Na6 13. Rb1 Rac8 14. Nd2 cxb4 15. axb4 Rfe8 16. e4 Bh3 17. Nb5 Bxg2 18. Kxg2 Ra8 19. h3 Bd8 20. Nd4 g6 21. Nb5 Nc7 22. Nxc7 Qxc7 23. Bb2 Be7 24. Qd4 Qb6 25. Qd3 Nd7 26. Bd4 Qd8 27. Nc4 b6 28. f4 Nf6 29. Rbe1 Rc8 30. Bxf6 Bxf6 31. e5 Be7 32. e6 f6 33. f5 g5 34. h4 gxh4 35. Re4 h3+ 36. Kxh3 Kh8 37. Rg4 Rg8 38. Rff4 Rxg4 39. Rxg4 Qc7 40. Qf3 a5 41. bxa5 bxa5 42. Qa3 Ra8 43. Qa4 Qb7 44. Qc6 Qb8 45. Nb6 Ra7 46. Nc8 1-0

[Event "Budapest-chT1 Lilienthal 1011"]
[Site "Budapest"]
[Date "2011.03.20"]
[Round "11"]
[White "Vargyas, Zoltan"]
[Black "Imre, Jozsef"]
[Result "1-0"]
[WhiteElo "2138"]
[BlackElo "2093"]
[PlyCount "73"]
[EventDate "2010.09.19"]
[EventType "team-tourn"]
[EventRounds "11"]
[EventCountry "HUN"]
[SourceTitle "EXT 2020"]
[Source "ChessBase"]
[SourceDate "2019.10.17"]
[SourceVersion "1"]
[SourceVersionDate "2019.10.17"]
[SourceQuality "1"]
[WhiteTeam "Budapest Ujpest KSE"]
[BlackTeam "Vizugy II"]
[WhiteTeamCountry "HUN"]
[BlackTeamCountry "HUN"]

1. d4 d6 2. e4 g6 3. Be3 Bg7 4. Nc3 c6 5. Qd2 Nd7 6. Nf3 Qc7 7. Bc4 e6 8. 0-0 b5 9. Bd3 Ngf6 10. Bh6 0-0 11. Bxg7 Kxg7 12. Rfe1 b4 13. Nd1 c5 14. a3 c4 15. Bf1 Bb7 16. e5 dxe5 17. dxe5 Ng4 18. Qd4 Bxf3 19. gxf3 Nh6 20. axb4 Nb6 21. Ne3 Rfd8 22. Qc5 Qb7 23. Bg2 Rac8 24. f4 Qd7 25. Qa5 Qd4 26. Qxa7 Qxf4 27. Qxb6 Rd2 28. Rf1 Rcd8 29. Qc5 R2d5 30. Qxc4 Rd4 31. Qc7 R8d7 32. Qc6 R7d5 33. c3 Rd2 34. Qc4 Qxe5 35. Bxd5 exd5 36. Qh4 d4 37. Qxh6+ 1-0

[Event "HUN-chT2 Breyer 1011"]
[Site "Hungary"]
[Date "2010.11.07"]
[Round "5.6"]
[White "Tessedik, Karoly"]
[Black "Imre, Jozsef"]
[Result "0-1"]
[WhiteElo "2004"]
[BlackElo "2093"]
[PlyCount "114"]
[EventDate "2010.09.12"]
[EventType "team-tourn"]
[EventRounds "11"]
[EventCountry "HUN"]
[SourceTitle "EXT 2012"]
[Source "ChessBase"]
[SourceDate "2011.11.24"]
[SourceVersion "1"]
[SourceVersionDate "2011.11.24"]
[SourceQuality "1"]
[WhiteTeam "Zsambek"]
[BlackTeam "Vizugy"]
[WhiteTeamCountry "HUN"]
[BlackTeamCountry "HUN"]

1. d4 Nf6 2. Nf3 d6 3. c4 g6 4. g3 Bg7 5. Bg2 0-0 6. Nc3 c6 7. 0-0 Qc7 8. e4 Nbd7 9. Bf4 e5 10. dxe5 dxe5 11. Be3 Ng4 12. Bd2 Nc5 13. b4 Nd3 14. h3 Ngxf2 15. Rxf2 Nxf2 16. Kxf2 Qb6+ 17. Be3 Qxb4 18. Qb3 Qe7 19. Na4 b6 20. c5 b5 21. Nb2 Be6 22. Qc3 f5 23. Kg1 fxe4 24. Ng5 Bd5 25. Nxe4 a5 26. Nd3 b4 27. Qc2 Rfb8 28. Rb1 Kh8 29. Kh2 Qe6 30. Rb2 b3 31. axb3 Rxb3 32. Ng5 Rxb2 33. Nxb2 Qd7 34. Na4 Bxg2 35. Nb6 Qf5 36. Qxg2 Rf8 37. Qxc6 Qd3 38. Bg1 Qd2+ 39. Qg2 Qxg5 40. c6 Qe7 41. Qc2 Qc7 42. Nd5 Qd6 43. Qc4 Rc8 44. c7 Bf8 45. Bb6 a4 46. Qg4 Rxc7 47. Bxc7 Qxd5 48. Qc8 Kg7 49. Qb8 e4 50. h4 a3 51. Be5+ Kf7 52. Qc7+ Be7 53. Qc3 a2 54. Bd4 Bd6 55. Kh3 Qf5+ 56. Kh2 Qf3 57. Qe1 e3 0-1

[Event "HUN-chT2 Breyer 0809"]
[Site "Hungary"]
[Date "2009.04.19"]
[Round "11"]
[White "Imre, Jozsef"]
[Black "Villanyi, Laszlo"]
[Result "1/2-1/2"]
[WhiteElo "2125"]
[BlackElo "1948"]
[PlyCount "66"]
[EventDate "2008.10.26"]
[EventType "team-tourn"]
[EventRounds "11"]
[EventCountry "HUN"]
[SourceTitle "EXT 2010"]
[Source "ChessBase"]
[SourceDate "2010.11.25"]
[SourceVersion "1"]
[SourceVersionDate "2010.11.25"]
[SourceQuality "1"]
[WhiteTeam "Vizugy"]
[BlackTeam "Gyor Komszomol"]
[WhiteTeamCountry "HUN"]
[BlackTeamCountry "HUN"]

1. d4 Nf6 2. c4 e6 3. Nc3 c5 4. d5 exd5 5. cxd5 d6 6. e4 g6 7. Nge2 Bg7 8. Ng3 0-0 9. Be2 a6 10. a4 Re8 11. 0-0 Nbd7 12. f4 c4 13. Bxc4 Nc5 14. Qc2 Qb6 15. Kh1 Ng4 16. a5 Qd8 17. Be2 Nxh2 18. Kxh2 Qh4+ 19. Kg1 Bd4+ 20. Rf2 Qxg3 21. Bf3 Nd3 22. Nd1 Nxc1 23. Qxc1 Bxf2+ 24. Nxf2 Qh4 25. Nh1 Qd8 26. g3 Bd7 27. Nf2 Rc8 28. Qd2 Qc7 29. Kg2 Qc4 30. Rh1 f5 31. exf5 Bxf5 32. g4 Bd7 33. f5 Re7 1/2-1/2

[Event "HUN-chT2 Szechenyi 0506"]
[Site "Hungary"]
[Date "2005.10.30"]
[Round "2"]
[White "Nemeth, Zsolt"]
[Black "Imre, Jozsef"]
[Result "1-0"]
[WhiteElo "1899"]
[BlackElo "2109"]
[PlyCount "135"]
[EventDate "2005.10.16"]
[EventType "team"]
[EventRounds "11"]
[EventCountry "HUN"]
[SourceTitle "EXT 2009"]
[Source "ChessBase"]
[SourceDate "2008.11.26"]
[SourceVersion "1"]
[SourceVersionDate "2008.11.26"]
[SourceQuality "1"]
[WhiteTeam "Lenti"]
[BlackTeam "Sarvar"]
[WhiteTeamCountry "HUN"]
[BlackTeamCountry "HUN"]

1. e4 e6 2. d4 d5 3. e5 c5 4. c3 Nc6 5. Nf3 Qb6 6. Be2 Nge7 7. Na3 Nf5 8. Nc2 cxd4 9. cxd4 Bb4+ 10. Kf1 0-0 11. g4 Nfe7 12. a3 Ba5 13. b4 Bd7 14. Bd2 Rfc8 15. Rb1 Qc7 16. bxa5 Nxa5 17. Nb4 Nc4 18. Bxc4 dxc4 19. Na2 Nd5 20. Nc3 Qa5 21. Nxd5 Qxd5 22. Bc3 b5 23. Kg2 a5 24. Kg3 Bc6 25. Rg1 h6 26. Nd2 f6 27. Qe2 fxe5 28. Qxe5 Qxe5+ 29. dxe5 Rd8 30. Kh3 Rf8 31. f3 Rad8 32. Rg3 Ra8 33. Ne4 Rxf3 34. Nd6 Rff8 35. Nxb5 Rfb8 36. a4 Bxb5 37. axb5 a4 38. Rg2 a3 39. Ra2 Rd8 40. Kg2 Rd3 41. Rc1 Rb8 42. Rxa3 Rxb5 43. Ra4 Rc5 44. Ra6 Kf7 45. Rf1+ Kg8 46. Rf3 Rcd5 47. Ra3 Rxf3 48. Kxf3 Rd3+ 49. Kg2 Kf7 50. h3 Ke8 51. Bb4 Rd5 52. Bd6 Kf7 53. Rc3 Rd4 54. Kf3 Kg6 55. Ke3 Rd1 56. Rxc4 Rh1 57. Rc7 Rxh3+ 58. Kf4 Rh1 59. Re7 Rf1+ 60. Kg3 Rg1+ 61. Kf3 Rf1+ 62. Kg2 Rf4 63. Kg3 Rf1 64. Rxe6+ Kf7 65. Re7+ Kg6 66. Re8 h5 67. gxh5+ Kxh5 68. e6 1-0

[Event "HUN-chT2 Breyer 0304"]
[Site "Hungary"]
[Date "2003.10.05"]
[Round "2"]
[White "Imre, Jozsef"]
[Black "Bereczki, Janos"]
[Result "0-1"]
[WhiteElo "2128"]
[BlackElo "2128"]
[PlyCount "120"]
[EventDate "2003.09.28"]
[EventType "team"]
[EventRounds "11"]
[EventCountry "HUN"]
[SourceTitle "EXT 2009"]
[Source "ChessBase"]
[SourceDate "2008.11.26"]
[SourceVersion "1"]
[SourceVersionDate "2008.11.26"]
[SourceQuality "1"]
[WhiteTeam "Vizugy II"]
[BlackTeam "Zoltek"]
[WhiteTeamCountry "HUN"]
[BlackTeamCountry "HUN"]

1. e4 e6 2. d4 d5 3. Nd2 Nf6 4. e5 Nfd7 5. f4 c5 6. c3 Nc6 7. Ne2 b5 8. Nf3 Qb6 9. g3 b4 10. Bh3 g6 11. Be3 Ba6 12. Kf2 Be7 13. g4 h5 14. f5 Bxe2 15. Qxe2 hxg4 16. fxe6 gxh3 17. exd7+ Kxd7 18. Rad1 bxc3 19. dxc5 Qxb2 20. Rxd5+ Kc7 21. Qxb2 cxb2 22. Rd2 Rab8 23. Rb1 Nb4 24. a3 Na6 25. Rbxb2 Rxb2 26. Rxb2 Bxc5 27. Rc2 Kb6 28. Ng5 Rh5 29. Nf3 Rf5 30. Ke2 Bxe3 31. Kxe3 Nc5 32. Rb2+ Ka5 33. Rb4 Rh5 34. Rf4 g5 35. Rg4 Ne6 36. Ke4 Ka4 37. Kf5+ Kxa3 38. Kf6 a5 39. Kxf7 Nc5 40. Nxg5 a4 41. Kg6 Rh8 42. Rc4 Nd7 43. Re4 Nc5 44. Re3+ Kb2 45. e6 Nxe6 46. Nxe6 a3 47. Re2+ Kb1 48. Nd4 Rg8+ 49. Kf5 Rg2 50. Re3 a2 51. Nb3 Rxh2 52. Kg4 Rc2 53. Rxh3 Kb2 54. Nd4 Rc4 55. Rh2+ Ka3 56. Rh3+ Kb4 57. Rb3+ Ka4 58. Rb8 Rxd4+ 59. Kf3 Ka3 60. Ke3 a1Q 0-1